000
00312nam a22001337a 4500
008
181009b xxu||||| |||| 00| 0 eng d
020
_a
9780673995674
041
_a
eng
080
_2
4th
_a
330.722
100
_a
62
101
_a
KM
245
_a
Foundations of Managerial Finance
_c
Gitman,L.J
942
_2
udc
_c
BK
999
_c
49184
_d
49184